[Event "Wroclaw Anderssen Memorial op-B"]
[Site "Wroclaw"]
[Date "2023.??.??"]
[Round "1"]
[White "Wruk, Aleksander"]
[Black "Borowski, Przemyslaw"]
[Result "0-1"]
[WhiteElo "1428"]
[BlackElo "1801"]
[PlyCount "68"]
[EventDate "2023.08.06"]
[EventType "swiss"]
[EventRounds "9"]
[EventCountry "POL"]
[SourceTitle "EXT 2024"]
[Source "ChessBase"]
[SourceDate "2023.10.10"]
[SourceVersion "1"]
[SourceVersionDate "2023.10.10"]
[SourceQuality "1"]

1. e4 c5 2. Nc3 a6 3. f4 b5 4. Nf3 Bb7 5. d4 cxd4 6. Qxd4 Nc6 7. Qf2 e6 8. Bd3 Nb4 9. 0-0 Nf6 10. e5 Ng4 11. Qe2 Bc5+ 12. Kh1 Nxd3 13. cxd3 h5 14. d4 Be7 15. Ne4 Qb6 16. f5 Qc6 17. Neg5 exf5 18. Nh4 g6 19. Bd2 Qd5 20. Rac1 b4 21. Rc7 Bc6 22. e6 dxe6 23. Rc1 Qd6 24. Rxe7+ Kxe7 25. Ngf3 Bxf3 26. Nxf3 Rhc8 27. Rd1 Ke8 28. h3 Nf6 29. Qe1 a5 30. Qh4 Ne4 31. Bf4 Qe7 32. Qe1 Rc2 33. Be3 Rac8 34. Qf1 Ng3+ 0-1